000 00508nam a2200181Ia 4500
001 2860
008 180312s2000 ii a g b000 u 465 u
020 _a81-7656-308-0
082 _a001.642
100 _aAdams, Maureen .
245 0 _aHTML Complete /
_cMaureen Adams& Others.
_hTextual Documents
250 _a2nd . /
260 _aNew Delhi :
_bBPB Publication ,
_c2000.
300 _a1010p. :
_bill ;
_c22 cm .
500 _aEdited by the Group of edtiors
653 _aComputer Science
942 _2ddc
_cBK
999 _c2848
_d2848